000 00976nam0a22002771 4500
001 rc\4225978
005 20250612022131.0
021 _aRU
_b[65-27363]
035 _a(NLR Aleph) 008461928
090 _a7875041
_c7875041
100 _a20130416d1965 |||y0rusy50 ca
101 0 _arus
102 _aRU
105 _ay z |||||
200 1 _aОрганизация и оплата труда работников плавающего состава
210 _aМосква
_cТранспорт
_d1965
215 _a179 с.
_d21
606 _aРечной транспорт
_xЗаработная плата
_2psbo
606 _aРечной транспорт
_xОрганизация труда
_2psbo
700 1 _aАлексеев
_bГ.Е.
_gГеоргий Евгеньевич
701 1 _aСлуцкий
_bС.С.
_gСамуил Соломонович
801 0 _aRU
_bNLR
_gpsbo
801 1 _aRU
_bELAR
_2rusmarc
852 _aNLR
_j65-5/1788
942 _cBOOK
980 _aNB